High School Musical - I Want It All Lyrics - Statistics

General Stats
  • This quiz has been taken 105 times
  • The average score is 286 of 500
Answer Stats
Answer % Correct
I
100%
when
100%
win
100%
a
98%
it
98%
want
98%
do
93%
you
93%
the
91%
all
89%
don't
89%
we
87%
be
85%
can
85%
I'm
85%
can't
83%
ever
83%
and
81%
imagine
80%
see
80%
me
78%
everything
76%
get
76%
for
74%
of
74%
dreamed
72%
having
72%
then
72%
gotta
70%
no
70%
what
70%
lead
69%
in
67%
after
65%
first
65%
is
65%
maybe
65%
name
65%
part
65%
that
65%
well
65%
yeah
65%
believe
63%
course
63%
his
63%
what's
63%
bigger
61%
fame
61%
Sharpay
61%
audition
59%
better
59%
never
59%
that's
59%
who
59%
kinda
57%
on
57%
to
57%
with
57%
little
56%
think
56%
bit
54%
enough
54%
let's
54%
not
54%
sound
54%
star
54%
superstars
52%
right
50%
where
50%
world
50%
exciting
48%
fortune
48%
know
48%
become
46%
stylist
46%
this
46%
your
46%
but
44%
have
44%
into
44%
inviting
44%
keep
44%
talking
44%
more
43%
publicist
43%
agent
41%
door
41%
fit
41%
nothing
41%
personal
41%
they
41%
less
39%
best
37%
love
37%
oh
37%
her
35%
us
35%
giving
33%
glam
33%
gonna
33%
my
33%
New
33%
press
33%
York
33%
only
31%
reviews
31%
listening
30%
mean
30%
paparazzi
28%
they're
28%
back
26%
Oscar
26%
standing
26%
yes
26%
celebrities
24%
it's
24%
you're
24%
at
22%
give
22%
goes
22%
now
22%
stop
22%
invitations
20%
no no no
20%
ovations
20%
Tokyo
20%
are
19%
Hall
19%
hall
19%
like
19%
magazines
19%
out
19%
people
19%
please
19%
collage
17%
red
17%
today
17%
tomorrow
17%
Broadway
15%
Moscow
15%
say
15%
show
15%
were
15%
again
13%
Carnegie
13%
carpets
13%
cause
13%
city
13%
excited
13%
fan
13%
jet
13%
LA
13%
lights
13%
London
13%
Oprah
13%
pay
13%
rose
13%
she
13%
bouquets
11%
knows
11%
Paris
11%
sequels
11%
Square
11%
Times
11%
waiting
11%
backstage
9%
calling
9%
club
9%
spotlight
9%
Toronto
9%
Bollywood
7%
crowds
7%
going
7%
here
7%
hey
7%
photographs
7%
setter
7%
Sydney
7%
thank
7%
wants
7%
Buenos Aires
6%
look
6%
music
6%
Rome
6%
shine
6%
shows
6%
sold
6%
dance
4%
garden
4%
Madison
4%
nane
4%
how
2%
I I
2%
I I I
2%
I I I I
2%
New York City
2%
radio
2%
want it
2%
doing
0%
fast
0%
follow
0%
I want it
0%
I want it all
0%
lady
0%
Ms Evans
0%
Officer Chad
0%
No matching quizzes found
Score Distribution
Percent of People with Each Score
Percentile by Number Answered
Your Score History
You have not taken this quiz